|
|
|
|
| LEADER |
00000cam a2200000 7i4500 |
| 001 |
0000069555 |
| 005 |
20170123.0 |
| 008 |
170123 |
| 020 |
|
|
|a 9789670562827
|
| 090 |
0 |
0 |
|a 297.65
|b ZUL
|
| 100 |
0 |
|
|a Zulkifli Mohamad Al-Bakri, Dr
|
| 245 |
1 |
0 |
|a Perpustakaan dalam islam :
|b semarakan budaya membaca
|c Dr Zulkifli Mohamad Al-Bakri
|
| 260 |
|
|
|a Negeri Sembilan :
|b Pustaka Cahaya Kasturi SDN BHD ,
|c 2015
|
| 300 |
|
|
|a 103 p. ;
|c 19.2 cm.
|
| 650 |
|
0 |
|a Islamic libraries
|
| 650 |
|
0 |
|a Reading interests
|
| 999 |
|
|
|a 0001428396
|b Book
|c Adult Collection
|e Cawangan Taman Sri Lambak
|
| 999 |
|
|
|a 0001428397
|b Book
|c Adult Collection
|e Cawangan Bukit Gambir
|
| 999 |
|
|
|a 0001428398
|b Book
|c Adult Collection
|e Cawangan Pontian
|
| 999 |
|
|
|a 0001428399
|b Book
|c Adult Collection
|e Cawangan Segamat
|
| 999 |
|
|
|a 0001428400
|b Book
|c Adult Collection
|e Cawangan Bandar Tenggara
|
| 999 |
|
|
|a 0001428401
|b Book
|c Adult Collection
|e Cawangan Kota Tinggi
|
| 999 |
|
|
|a 0001428402
|b Book
|c Adult Collection
|e Cawangan Tmn. Ungku Tun Aminah
|
| 999 |
|
|
|a 0001428403
|b Book
|c Adult Collection
|e Cawangan Mersing
|
| 999 |
|
|
|a 0001428404
|b Book
|c Children Collection
|e Cawangan Bandar Penawar
|
| 999 |
|
|
|a 0001428405
|b Book
|c Adult Collection
|e Cawangan Tangkak
|
| 999 |
|
|
|a 0001428407
|b Book
|c Adult Collection
|e Cawangan Muar
|
| 999 |
|
|
|a 0001428408
|b Book
|c Adult Collection
|e Cawangan Sri Merlong
|
| 999 |
|
|
|a 0001428536
|b Book
|c Adult Collection
|e Cawangan AEON Kulaijaya
|
| 999 |
|
|
|a 0001428537
|b Book
|c Adult Collection
|e Cawangan Urban Transformation Centre
|
| 999 |
|
|
|a 0001428539
|b Book
|c Adult Collection
|e Perbadanan Perpustakaan Awam Johor
|
| 999 |
|
|
|a 0001428540
|b Book
|c Adult Collection
|e Perbadanan Perpustakaan Awam Johor
|
| 999 |
|
|
|a 001428406
|b Book
|c Adult Collection
|e Cawangan Batu Pahat
|